IFM Opac

Social security for the unemployed. (Record no. 14810)

MARC details
000 -LEADER
fixed length control field 00314nam a22001217a 4500
020 ## - INTERNATIONAL STANDARD BOOK NUMBER
International Standard Book Number 922101519X
082 ## - DEWEY DECIMAL CLASSIFICATION NUMBER
Classification number 368.44SOC.
245 ## - TITLE STATEMENT
Title Social security for the unemployed.
260 ## - PUBLICATION, DISTRIBUTION, ETC.
Place of publication, distribution, etc. Geneva.
Name of publisher, distributor, etc. International labour office.
Date of publication, distribution, etc. 1976.
300 ## - PHYSICAL DESCRIPTION
Extent viii, 70p.
Other physical details 23cm.
500 ## - GENERAL NOTE
General note Includes bibliography.
942 ## - ADDED ENTRY ELEMENTS (KOHA)
Koha item type Books
Holdings
Withdrawn status Lost status Damaged status Not for loan Home library Current library Shelving location Date acquired Total Checkouts Full call number Barcode Date last seen Price effective from Koha item type
Withdrawn       IFM Main Campus Library IFM Main Campus Library Archival Collection 01/21/2016   368.44SOC. 0000015963 01/21/2016 02/19/2022 Books